Literal Meaning: A First Step to Meaning Interpretation

Doslovný význam ako ústredna súčasť procesu interpretácie významu. Vysvetlenie procesu chápania významu. Implikácia a vysvetlenie doslovného významu.

Salvato in:
Dettagli Bibliografici
Autore principale: Abuarrah, Sufyan
Natura: Capitolo di libro
Lingua:inglese
Soggetti:
Tags: Aggiungi Tag
Nessun Tag, puoi essere il primo ad aggiungerne!!

MARC

LEADER 00000naa a2200000 4500
001 0257227
005 20221104112449.1
041 0 |a eng 
044 |a SK 
245 1 0 |a Literal Meaning: A First Step to Meaning Interpretation  |c Sufyan Abuarrah 
520 |a Doslovný význam ako ústredna súčasť procesu interpretácie významu. Vysvetlenie procesu chápania významu. Implikácia a vysvetlenie doslovného významu. 
610 2 0 |a jazykoveda 
610 2 0 |a lexikológia 
610 2 0 |a komunikácia 
100 1 |a Abuarrah, Sufyan